| 000 | 004210000a22001810004500 | ||
|---|---|---|---|
| 003 | LK-CoMWRAF | ||
| 008 | 230817t ||||| |||| 00| 0 eng d | ||
| 040 |
_aLK-CoMWRAF _dLK-CoMWRAF _eLK-CoMWRAF |
||
| 041 | _aeng | ||
| 082 |
_a180 _bGAN |
||
| 100 | _aGani, R.P.M | ||
| 245 |
_aMuslim Pennkal _b |
||
| 250 | _a4th.ed | ||
| 260 |
_aChennai _bSulaimania _c1998 |
||
| 300 | _ap.208 | ||
| 650 | _awomen& islam | ||
| 942 | _cBK | ||
| 999 |
_c2953 _d2953 |
||